| 000 -ლიდერი |
| ფიქსირებული სიგრძის საკონტროლო ველი |
01365nam a22002297a 4500 |
| 003 - საკონტროლო ნომრის იდენტიფიკატორი |
| საკონტროლო ველი |
Ge_BSU |
| 005 - ბოლო ოპერაციის თარიღი და დრო |
| საკონტროლო ველი |
20221028125540.0 |
| 008 - ფიქსირებული სიგრძის მონაცემთა ელემენტები - ზოგადი ინფორმაცია |
| ფიქსირებული სიგრძის საკონტროლო ველი |
221028s1996 ge ||||| |||| 00| 0 geo d |
| 041 ## - ენის კოდი |
| Language code of text/sound track or separate title |
geo |
| 080 ## - უნივერსალური ათობითი კლასიფიკაციის ინდექსი |
| Universal Decimal Classification number |
336.71 ს-13 |
| 245 ## - ცნობა სათაურის შესახებ |
| Title |
საბანკო საქმე / |
| Statement of responsibility, etc |
ავტ. კოლ.: ნ.დ. ბელოსტოცკაია, ნ.ი. ვალენცევა და სხვ. ; ლავრუშინის რედ. ; ქართ. თარგმანის რედ.: რ.შ. კაკულია ; მთარგმნ.: თ. გამსახურდია, ნ. იმნაძე]. |
| 264 ## - წარმოების, გამოცემის, დისტრიბუციის და სხვა ცნობები |
| გამოცემის, წარმოების, დისტრიბუციის... ადგილი |
თბილისი : |
| გამოცემის, წარმოების, დისტრიბუციის... სახელწოდება |
საქ. ფინან. სამ. გამ-ბა, |
| გამოცემის, წარმოების, დისტრიბუციის... თარიღი |
1996. |
| 300 ## - ფიზიკური აღწერა |
| Extent |
310 გვ. ; |
| Other physical details |
20 სმ. |
| 653 ## - INDEX TERM--UNCONTROLLED |
| Uncontrolled term |
საბანკო საქმე. |
| 700 ## - ADDED ENTRY--PERSONAL NAME |
| Personal name |
ბელოსტოცკაია, ნ.დ. |
| Relator term |
ავტორი |
| 9 (RLIN) |
15636 |
| 700 ## - ADDED ENTRY--PERSONAL NAME |
| Personal name |
ვალენცევა, ნ.ი. |
| Relator term |
ავტორი |
| 9 (RLIN) |
15637 |
| 700 ## - ADDED ENTRY--PERSONAL NAME |
| Personal name |
ლავრუშინი, ო.ი. |
| Relator term |
რედაქტორი |
| 9 (RLIN) |
15638 |
| 700 ## - ADDED ENTRY--PERSONAL NAME |
| Personal name |
კაკულია, რ.შ. |
| Relator term |
რედაქტორი |
| 9 (RLIN) |
15639 |
| 700 ## - ADDED ENTRY--PERSONAL NAME |
| Personal name |
გამსახურდია, თ.გ. |
| Relator term |
მთარგმნელი |
| 9 (RLIN) |
15640 |
| 700 ## - ADDED ENTRY--PERSONAL NAME |
| Personal name |
იმნაძე, ნ.ე. |
| Relator term |
მთარგნელი |
| 9 (RLIN) |
15641 |
| 942 ## - ADDED ENTRY ELEMENTS (KOHA) |
| Source of classification or shelving scheme |
|
| Koha item type |
წიგნი |